Retrouver les marques de voitures de sports européennes - Statistiques

Statistiques générales
  • Ce quiz a été pris 492 fois
  • Le résultat moyen est 14 sur 16
Statistiques - réponses
Par images Réponse % Correct
Ferrari
98%
mercedes
98%
audi
97%
Bugatti
97%
Lamborghini
97%
Porsche
97%
Alpine
94%
bmw
94%
Mclaren
88%
Alfa Romeo
87%
aston martin
87%
Maserati
83%
jaguar
78%
lotus
76%
Pagani
76%
Koenigsegg
69%
Aucun quiz correspondant
Distribution des résultats
% des personnes avec chaque résultat
Percentile par nombre de réponses
Votre historique - résultats
Vous n’avez pas pris ce quiz